[Event "Madrid-chT 1213 Honor"]
[Site "Madrid"]
[Date "2013.01.20"]
[Round "6.46"]
[White "Galan Fernandez, Felix"]
[Black "Bote Alvarez Carrasco, Valentin"]
[Result "1/2-1/2"]
[WhiteElo "2004"]
[BlackElo "2130"]
[PlyCount "58"]
[EventDate "2012.11.18"]
[EventType "team"]
[EventRounds "14"]
[EventCountry "ESP"]
[SourceTitle "EXT 2014"]
[Source "ChessBase"]
[SourceDate "2013.11.20"]
[SourceVersion "1"]
[SourceVersionDate "2013.11.20"]
[SourceQuality "1"]
[WhiteTeam "Cafe Comercial"]
[BlackTeam "Collado Villalba"]
[WhiteTeamCountry "ESP"]
[BlackTeamCountry "ESP"]

1. e4 e5 2. Nf3 Nc6 3. Bb5 a6 4. Ba4 Nf6 5. 0-0 Be7 6. Re1 b5 7. Bb3 d6 8. c3 0-0 9. h3 Bb7 10. d4 Re8 11. Nbd2 Bf8 12. dxe5 Nxe5 13. Nxe5 dxe5 14. Qf3 c5 15. Nf1 c4 16. Bc2 Qb6 17. Be3 Bc5 18. Bxc5 Qxc5 19. Rad1 Rad8 20. Ng3 Qb6 21. Nf5 g6 22. Ng3 Rxd1 23. Rxd1 Rd8 24. Kf1 Rd6 25. Ke1 Kg7 26. Rxd6 Qxd6 27. Qe3 h6 28. Qd2 Ne8 29. Qxd6 Nxd6 1/2-1/2

[Event "Madrid-chT 1213 Honor"]
[Site "Madrid"]
[Date "2012.12.16"]
[Round "4.36"]
[White "Bote Alvarez Carrasco, Valentin"]
[Black "Rivas Vila, David"]
[Result "1/2-1/2"]
[WhiteElo "2130"]
[BlackElo "2213"]
[PlyCount "81"]
[EventDate "2012.11.18"]
[EventType "team"]
[EventRounds "14"]
[EventCountry "ESP"]
[SourceTitle "EXT 2014"]
[Source "ChessBase"]
[SourceDate "2013.11.20"]
[SourceVersion "1"]
[SourceVersionDate "2013.11.20"]
[SourceQuality "1"]
[WhiteTeam "Collado Villalba"]
[BlackTeam "Blanco y Negro"]
[WhiteTeamCountry "ESP"]
[BlackTeamCountry "ESP"]

1. Nf3 g6 2. c4 f5 3. g3 Bg7 4. d4 Nf6 5. Bg2 0-0 6. 0-0 d6 7. Nc3 Qe8 8. Nd5 Na6 9. Nxf6+ Rxf6 10. d5 Rb8 11. Be3 c5 12. dxc6 bxc6 13. Bxa7 Rb4 14. Bd4 e5 15. Bc3 Rxc4 16. Qb3 Be6 17. Nd2 Rc5 18. Qa4 Qc8 19. Rac1 Bd5 20. e4 Bf7 21. b4 Rb5 22. Bxe5 Nc5 23. Rxc5 dxc5 24. Bxf6 Rxb4 25. Qa7 Bxf6 26. exf5 Qxf5 27. a3 Rb2 28. Ne4 Bd4 29. Nd6 Bxf2+ 30. Kh1 Qe6 31. Nxf7 Qxf7 32. Qa8+ Kg7 33. Qxc6 Qe7 34. a4 Re2 35. a5 Re1 36. a6 Qe2 37. Qc7+ Kh6 38. Qf4+ Kg7 39. Qc7+ Kf6 40. Qd6+ Kg7 41. Qc7+ 1/2-1/2

[Event "Madrid San Viator op 19th"]
[Site "Madrid"]
[Date "2012.11.11"]
[Round "8"]
[White "Lopez de Turiso, Jose Angel"]
[Black "Bote Alvarez Carrasco, Valentin"]
[Result "1/2-1/2"]
[WhiteElo "2046"]
[BlackElo "2130"]
[PlyCount "158"]
[EventDate "2012.09.23"]
[EventType "swiss"]
[EventRounds "9"]
[EventCountry "ESP"]
[SourceTitle "EXT 2013"]
[Source "ChessBase"]
[SourceDate "2012.11.22"]
[SourceVersion "1"]
[SourceVersionDate "2012.11.22"]
[SourceQuality "1"]

1. e4 e5 2. Nf3 Nc6 3. Bb5 a6 4. Bxc6 dxc6 5. Nc3 Bg4 6. h3 Bxf3 7. Qxf3 Qf6 8. Qxf6 Nxf6 9. d3 Bd6 10. 0-0 0-0 11. Be3 Rfe8 12. f4 exf4 13. Bxf4 Bxf4 14. Rxf4 Rad8 15. Raf1 Re7 16. Ne2 Nd7 17. Nd4 Ne5 18. Nf5 Ree8 19. g4 c5 20. Kg2 c4 21. dxc4 Nxc4 22. b3 Ne5 23. Ng3 g6 24. R4f2 Rd4 25. Re1 Red8 26. Nf1 h6 27. Nh2 Rd1 28. Ree2 Ra1 29. a4 Rdd1 30. Nf3 Nxf3 31. Kxf3 Rh1 32. Rh2 Kf8 33. Rd2 Ke7 34. Rxh1 Rxh1 35. Kg2 Re1 36. Kf3 a5 37. Kf4 Rh1 38. Kg3 b6 39. Kg2 Rc1 40. Kf3 Ke6 41. Kf4 Rf1+ 42. Kg3 Ke7 43. Rd3 g5 44. Rd4 Rf4 45. h4 c5 46. hxg5 hxg5 47. Rd5 Rxe4 48. Rxg5 Re2 49. Rd5 Rxc2 50. Rd3 c4 51. bxc4 Rxc4 52. Rb3 Rb4 53. Ra3 Kf6 54. Rd3 Ke5 55. Ra3 Kd5 56. Kf3 Kc5 57. Ra1 Rc4 58. Kg3 Rb4 59. Rc1+ Kd4 60. Rf1 Ke5 61. Ra1 f6 62. Ra3 b5 63. axb5 Rxb5 64. Rf3 Rd5 65. Re3+ Kd6 66. Re8 Rg5 67. Kf4 Rb5 68. Rd8+ Ke7 69. Ra8 Kf7 70. Ra7+ Kg6 71. Ra6 Rb4+ 72. Kg3 a4 73. Ra5 Rb3+ 74. Kf4 a3 75. Ke4 Rh3 76. Kf4 Kf7 77. Kf5 Rf3+ 78. Ke4 Rg3 79. Kf4 Rh3 1/2-1/2

[Event "Madrid San Viator op 19th"]
[Site "Madrid"]
[Date "2012.10.07"]
[Round "3"]
[White "Morona Minguez, Irene"]
[Black "Bote Alvarez Carrasco, Valentin"]
[Result "0-1"]
[WhiteElo "1952"]
[BlackElo "2130"]
[PlyCount "122"]
[EventDate "2012.09.23"]
[EventType "swiss"]
[EventRounds "9"]
[EventCountry "ESP"]
[SourceTitle "EXT 2013"]
[Source "ChessBase"]
[SourceDate "2012.11.22"]
[SourceVersion "1"]
[SourceVersionDate "2012.11.22"]
[SourceQuality "1"]

1. e4 c6 2. d4 d5 3. exd5 cxd5 4. c4 Nf6 5. Nc3 g6 6. Qb3 Bg7 7. cxd5 0-0 8. Be2 Na6 9. Bg5 Qb6 10. Qxb6 axb6 11. Bf3 Nb4 12. Rd1 Rd8 13. Bxf6 Bxf6 14. Nge2 Bf5 15. g4 Bd3 16. a3 Nc2+ 17. Kf1 Bxe2+ 18. Nxe2 Ra4 19. Rd3 Rc8 20. Kg2 Nxd4 21. Nxd4 Rxd4 22. Rb3 Rd2 23. Rxb6 Rcc2 24. Rf1 Bxb2 25. Rxb7 Bxa3 26. Rbb1 Bc5 27. Rbd1 Rxf2+ 28. Rxf2 Rxf2+ 29. Kg3 Rc2 30. Bg2 Bd6+ 31. Kf3 Bxh2 32. Rd3 Bd6 33. Re3 Kg7 34. Bh1 Kf6 35. Ke4 Kg5 36. Bf3 Rb2 37. Rd3 Bc5 38. Ke5 Rf2 39. Ke4 Ra2 40. Rc3 Ra4+ 41. Kd3 Rd4+ 42. Ke2 Bb4 43. Rb3 Kf4 44. Kf1 f5 45. gxf5 Kxf5 46. Kf2 g5 47. Kg3 g4 48. Bg2 Kg5 49. Re3 Bd6+ 50. Kf2 Kf4 51. Re6 h5 52. Rh6 Kg5 53. Rh8 Rd2+ 54. Kf1 Bc5 55. Be4 Rf2+ 56. Ke1 Rf4 57. Rg8+ Kh4 58. Bg6 g3 59. Be8 Kh3 60. Bd7+ Kh2 61. Rh8 h4 0-1

[Event "ESP-chT CECLUB Div2 Gp2"]
[Site "Burguillos"]
[Date "2012.08.09"]
[Round "2.4"]
[White "Gomez Rebollo, Alfonso Carlos"]
[Black "Bote Alvarez Carrasco, Valentin"]
[Result "1-0"]
[WhiteElo "2168"]
[BlackElo "2141"]
[PlyCount "70"]
[EventDate "2012.08.08"]
[EventType "team-swiss"]
[EventRounds "6"]
[EventCountry "ESP"]
[SourceTitle "CBM 149 Extra"]
[Source "ChessBase"]
[SourceDate "2012.08.24"]
[SourceVersion "1"]
[SourceVersionDate "2012.08.24"]
[SourceQuality "1"]
[WhiteTeam "Huelva"]
[BlackTeam "Collado Villalba"]
[WhiteTeamCountry "ESP"]
[BlackTeamCountry "ESP"]

1. e4 e5 2. Nf3 Nc6 3. Bb5 Nf6 4. 0-0 Nxe4 5. Re1 Nd6 6. Nxe5 Be7 7. Bf1 Nxe5 8. Rxe5 0-0 9. d4 Bf6 10. Re1 Re8 11. Bf4 Rxe1 12. Qxe1 Ne8 13. Nc3 Bxd4 14. Nd5 Bc5 15. Bd3 c6 16. Qe4 g6 17. Qxe8+ Qxe8 18. Nf6+ Kf8 19. Bh6+ Ke7 20. Re1+ Kxf6 21. Rxe8 b6 22. g4 Be7 23. h4 d5 24. Bg5+ Kg7 25. Bxe7 f6 26. Ba6 Bb7 27. Rxa8 Bxa8 28. Bd6 Kf7 29. Bb8 Ke7 30. Bxa7 b5 31. Bc5+ Kd7 32. c3 Kd8 33. f4 Kd7 34. Kf2 Kd8 35. Ke3 Ke8 1-0

[Event "Madrid-chT"]
[Site "Madrid"]
[Date "2011.12.18"]
[Round "5.36"]
[White "Bote Alvarez Carrasco, Valentin"]
[Black "Perez de Aranda, Leonardo Ivan"]
[Result "0-1"]
[WhiteElo "2160"]
[BlackElo "2117"]
[PlyCount "97"]
[EventDate "2011.11.13"]
[EventType "team-tourn"]
[EventRounds "14"]
[EventCountry "ESP"]
[SourceTitle "EXT 2013"]
[Source "ChessBase"]
[SourceDate "2012.11.22"]
[SourceVersion "1"]
[SourceVersionDate "2012.11.22"]
[SourceQuality "1"]
[WhiteTeam "Collado Villalba"]
[BlackTeam "Virgen de Atocha"]
[WhiteTeamCountry "ESP"]
[BlackTeamCountry "ESP"]

1. Nf3 d5 2. d4 Nf6 3. g3 c6 4. Bg2 Bf5 5. 0-0 h6 6. Nbd2 e6 7. c4 Be7 8. b3 0-0 9. Bb2 Nbd7 10. Ne5 Nxe5 11. dxe5 Nd7 12. e4 dxe4 13. Nxe4 Nc5 14. Qe2 Qd3 15. Qxd3 Nxd3 16. Bc3 Rfd8 17. Rfd1 Rd7 18. Kf1 Rad8 19. Ke2 Bg4+ 20. f3 Bf5 21. Nd2 Bb4 22. Bxb4 Nxb4 23. Nf1 Rxd1 24. Rxd1 Rxd1 25. Kxd1 Nxa2 26. Ne3 Bg6 27. f4 Be4 28. Bf1 Nb4 29. Kd2 c5 30. Be2 Nc6 31. Bd1 g5 32. Ng4 Kg7 33. Nf6 Bg2 34. Ke3 Nd4 35. b4 Nf5+ 36. Kf2 cxb4 37. fxg5 hxg5 38. h4 Bc6 39. hxg5 Kg6 40. g4 Nh4 41. Kg3 Kxg5 42. Nh7+ Kh6 43. Nf6 Ng6 44. g5+ Kxg5 45. Ng4 Kf5 46. Bc2+ Be4 47. Nh6+ Kxe5 48. Nxf7+ Kd4 49. Bd1 0-1

[Event "ESP-chT CECLUB Div2 Gp2"]
[Site "Totana"]
[Date "2011.08.14"]
[Round "6"]
[White "Bote Alvarez Carrasco, Valentin"]
[Black "Garcia Moral Garcia, Jose Daniel"]
[Result "0-1"]
[WhiteElo "2183"]
[BlackElo "2295"]
[PlyCount "90"]
[EventDate "2011.08.10"]
[EventType "team-tourn"]
[EventRounds "6"]
[EventCountry "ESP"]
[SourceTitle "CBM 143 Extra"]
[Source "ChessBase"]
[SourceDate "2011.08.29"]
[SourceVersion "1"]
[SourceVersionDate "2011.08.29"]
[SourceQuality "1"]
[WhiteTeam "Collado Villalba"]
[BlackTeam "Almargo"]
[WhiteTeamCountry "ESP"]
[BlackTeamCountry "ESP"]

1. Nf3 Nf6 2. c4 g6 3. Nc3 Bg7 4. e4 d6 5. d4 0-0 6. Be2 Nbd7 7. Bg5 e5 8. d5 h6 9. Bh4 g5 10. Bg3 Nh5 11. h4 g4 12. Nh2 Nxg3 13. fxg3 f5 14. exf5 h5 15. 0-0 Nc5 16. Qc2 e4 17. f6 Rxf6 18. Nxe4 Nxe4 19. Qxe4 Bd7 20. Bd3 Rh6 21. Qf4 Qf6 22. Bf5 Bxf5 23. Qxf5 Qxf5 24. Rxf5 Bd4+ 25. Kf1 Rf6 26. Rxf6 Bxf6 27. Rd1 Bxb2 28. Rd3 Kg7 29. Ke2 Re8+ 30. Re3 Re5 31. Nf1 Kf6 32. Kd3 Bc1 33. Rxe5 Kxe5 34. a4 Bh6 35. Nh2 c6 36. dxc6 bxc6 37. Nf1 a5 38. Nh2 d5 39. Nf1 dxc4+ 40. Kxc4 Ke4 41. Kc3 Kd5 42. Kd3 c5 43. Kc3 c4 44. Nh2 Bg7+ 45. Kc2 Kd4 0-1

[Event "Madrid San Viator op 16th"]
[Site "Madrid"]
[Date "2011.04.17"]
[Round "4"]
[White "Barajas Fernandez, Helios"]
[Black "Bote Alvarez Carrasco, Valentin"]
[Result "0-1"]
[WhiteElo "2062"]
[BlackElo "2168"]
[PlyCount "106"]
[EventDate "2011.03.27"]
[EventType "swiss"]
[EventRounds "9"]
[EventCountry "ESP"]
[SourceTitle "EXT 2012"]
[Source "ChessBase"]
[SourceDate "2011.11.24"]
[SourceVersion "1"]
[SourceVersionDate "2011.11.24"]
[SourceQuality "1"]

1. e4 e5 2. Nf3 Nc6 3. d4 exd4 4. Nxd4 Bc5 5. Be3 Qf6 6. c3 Nge7 7. Bc4 b6 8. 0-0 Bb7 9. f4 0-0-0 10. e5 Qh6 11. Qd2 d5 12. Bd3 Bxd4 13. cxd4 f5 14. b4 Rd7 15. a4 a5 16. bxa5 Nxa5 17. Qe2 Qe6 18. Na3 Bc6 19. Nb5 Rdd8 20. Na7+ Kb7 21. Nxc6 Nexc6 22. Rab1 Ra8 23. Rfc1 g6 24. Rc3 Ne7 25. Rbc1 c6 26. R3c2 Rhb8 27. Rb1 Kc7 28. Bd2 Kd7 29. Rcb2 Nc4 30. Bxc4 dxc4 31. Rb4 c3 32. Bxc3 Nd5 33. Rc4 Nxf4 34. Qf1 Nd5 35. Bd2 Rb7 36. Rbc1 Rc7 37. Qf2 Rac8 38. Bb4 b5 39. axb5 cxb5 40. Rxc7+ Rxc7 41. Rxc7+ Nxc7 42. Bd6 Qc4 43. h3 Ne6 44. d5 Qc1+ 45. Kh2 Qf4+ 46. Qg3 Qxg3+ 47. Kxg3 Nc7 48. Bxc7 Kxc7 49. Kf4 b4 50. Ke3 f4+ 51. Kd4 g5 52. Kc5 b3 53. d6+ Kd8 0-1

[Event "Madrid-chT 1011"]
[Site "Madrid"]
[Date "2011.02.20"]
[Round "11.15"]
[White "Bote Alvarez Carrasco, Valentin"]
[Black "Garcia Ruido, Ricardo"]
[Result "1-0"]
[WhiteElo "2183"]
[BlackElo "2067"]
[PlyCount "61"]
[EventDate "2010.11.21"]
[EventType "team-tourn"]
[EventRounds "14"]
[EventCountry "ESP"]
[SourceTitle "EXT 2012"]
[Source "ChessBase"]
[SourceDate "2011.11.24"]
[SourceVersion "1"]
[SourceVersionDate "2011.11.24"]
[SourceQuality "1"]
[WhiteTeam "Collado Villalba"]
[BlackTeam "Moratalaz"]
[WhiteTeamCountry "ESP"]
[BlackTeamCountry "ESP"]

1. Nf3 d5 2. d4 c5 3. c4 e6 4. cxd5 exd5 5. Nc3 Nc6 6. g3 Nf6 7. Bg2 Be7 8. 0-0 0-0 9. Bg5 cxd4 10. Nxd4 h6 11. Be3 Re8 12. Qb3 Na5 13. Qc2 Bg4 14. Nf5 Bb4 15. Bd4 Bxc3 16. Bxc3 Rxe2 17. Qd3 Re6 18. Ne3 d4 19. Qxd4 Qxd4 20. Bxd4 Be2 21. Rfe1 Bd3 22. Rad1 Bg6 23. Bc3 Nc6 24. Bxf6 Rxf6 25. Rd7 Ne5 26. Rxb7 Nf3+ 27. Bxf3 Rxf3 28. Nd5 Bc2 29. Nf4 g5 30. Kg2 g4 31. h3 1-0

[Event "Madrid-chT 1011"]
[Site "Madrid"]
[Date "2011.01.30"]
[Round "8.45"]
[White "Pedrajas Estepa, Manuel"]
[Black "Bote Alvarez Carrasco, Valentin"]
[Result "0-1"]
[WhiteElo "2097"]
[BlackElo "2183"]
[PlyCount "86"]
[EventDate "2010.11.21"]
[EventType "team-tourn"]
[EventRounds "14"]
[EventCountry "ESP"]
[SourceTitle "EXT 2012"]
[Source "ChessBase"]
[SourceDate "2011.11.24"]
[SourceVersion "1"]
[SourceVersionDate "2011.11.24"]
[SourceQuality "1"]
[WhiteTeam "Leganes"]
[BlackTeam "Collado Villalba"]
[WhiteTeamCountry "ESP"]
[BlackTeamCountry "ESP"]

1. e4 e5 2. Nf3 Nc6 3. Bc4 Bc5 4. b4 Bxb4 5. c3 Bd6 6. 0-0 Nf6 7. d4 h6 8. dxe5 Bxe5 9. Nxe5 Nxe5 10. Bb3 d6 11. f4 Ng6 12. e5 dxe5 13. Qxd8+ Kxd8 14. Bxf7 Nxf4 15. Bxf4 exf4 16. Rxf4 Ke7 17. Bg6 Rd8 18. Na3 Bg4 19. Re1+ Kf8 20. Nb5 c6 21. Nd4 c5 22. Rxg4 Nxg4 23. Ne6+ Kg8 24. Nxd8 Rxd8 25. h3 Nf6 26. a4 b6 27. Re6 Nd5 28. c4 Nf4 29. Re8+ Rxe8 30. Bxe8 Kf8 31. Bc6 Ke7 32. Kf2 Kd6 33. Be4 Ke5 34. Ke3 Ne6 35. Bd3 Nd4 36. Be4 Nf5+ 37. Kd3 Kf4 38. g4 Nd6 39. Bg2 g5 40. Bf1 Kf3 41. Be2+ Kf2 42. Kd2 Ne4+ 43. Kd3 Nc3 0-1

[Event "Madrid-chT 1011"]
[Site "Madrid"]
[Date "2011.01.16"]
[Round "6.45"]
[White "Bote Alvarez Carrasco, Valentin"]
[Black "Madurga Lopez, Ignacio"]
[Result "1-0"]
[WhiteElo "2183"]
[BlackElo "1988"]
[PlyCount "77"]
[EventDate "2010.11.21"]
[EventType "team-tourn"]
[EventRounds "14"]
[EventCountry "ESP"]
[SourceTitle "EXT 2012"]
[Source "ChessBase"]
[SourceDate "2011.11.24"]
[SourceVersion "1"]
[SourceVersionDate "2011.11.24"]
[SourceQuality "1"]
[WhiteTeam "Collado Villalba"]
[BlackTeam "Vallecas CDV"]
[WhiteTeamCountry "ESP"]
[BlackTeamCountry "ESP"]

1. Nf3 Nf6 2. c4 g6 3. Nc3 Bg7 4. e4 d6 5. d4 0-0 6. Be2 e5 7. d5 a5 8. Bg5 h6 9. Bh4 Na6 10. Nd2 Qe8 11. 0-0 Nh7 12. a3 Bd7 13. Kh1 h5 14. f3 a4 15. Nb5 Bxb5 16. cxb5 Nc5 17. b4 axb3 18. Nxb3 Bh6 19. Nxc5 dxc5 20. b6 cxb6 21. Qb3 Qa4 22. Qxb6 c4 23. Bd1 Qa6 24. Qxa6 Rxa6 25. Rb1 Rc8 26. a4 c3 27. Bc2 Rc7 28. Bd8 Rc8 29. Bb6 Nf6 30. Rb5 Nd7 31. Bf2 b6 32. Rfb1 Nc5 33. Rxb6 Rxb6 34. Rxb6 Nxa4 35. Rc6 Rb8 36. Bg1 Rb2 37. Bxa4 Ra2 38. Bb3 Rb2 39. Rxc3 1-0

[Event "Madrid-chT 1011"]
[Site "Madrid"]
[Date "2010.12.19"]
[Round "4.46"]
[White "Bote Alvarez Carrasco, Valentin"]
[Black "Pestana Clavero, Alfonso Manuel"]
[Result "1-0"]
[WhiteElo "2183"]
[BlackElo "1937"]
[PlyCount "65"]
[EventDate "2010.11.21"]
[EventType "team-tourn"]
[EventRounds "14"]
[EventCountry "ESP"]
[SourceTitle "EXT 2012"]
[Source "ChessBase"]
[SourceDate "2011.11.24"]
[SourceVersion "1"]
[SourceVersionDate "2011.11.24"]
[SourceQuality "1"]
[WhiteTeam "Collado Villalba"]
[BlackTeam "Moratalaz"]
[WhiteTeamCountry "ESP"]
[BlackTeamCountry "ESP"]

1. Nf3 Nf6 2. c4 c5 3. Nc3 Nc6 4. g3 g6 5. Bg2 Bg7 6. 0-0 0-0 7. d4 d6 8. d5 Nb8 9. e4 Bg4 10. h3 Bxf3 11. Qxf3 Nbd7 12. Qe2 h6 13. Bf4 Nh5 14. Bd2 a6 15. g4 Nhf6 16. f4 Nh7 17. b3 Rb8 18. Rae1 Qc7 19. a4 Rbe8 20. Qd3 g5 21. e5 dxe5 22. fxg5 Nxg5 23. h4 e4 24. Nxe4 Nxe4 25. Rxe4 Ne5 26. Qg3 Qd6 27. Bf4 f6 28. Rfe1 e6 29. g5 hxg5 30. hxg5 exd5 31. gxf6 Qxf6 32. Bxe5 Rxe5 33. Rxe5 1-0

[Event "Madrid-chT 1011"]
[Site "Madrid"]
[Date "2010.11.21"]
[Round "1.44"]
[White "Davicce Canada, Juan Antonio"]
[Black "Bote Alvarez Carrasco, Valentin"]
[Result "0-1"]
[WhiteElo "2097"]
[BlackElo "2183"]
[PlyCount "94"]
[EventDate "2010.11.21"]
[EventType "team-tourn"]
[EventRounds "14"]
[EventCountry "ESP"]
[SourceTitle "EXT 2012"]
[Source "ChessBase"]
[SourceDate "2011.11.24"]
[SourceVersion "1"]
[SourceVersionDate "2011.11.24"]
[SourceQuality "1"]
[WhiteTeam "Leganes"]
[BlackTeam "Collado Villalba"]
[WhiteTeamCountry "ESP"]
[BlackTeamCountry "ESP"]

1. d4 d5 2. c4 c6 3. Nc3 Nf6 4. e3 a6 5. a4 e6 6. Nf3 a5 7. Bd3 Na6 8. 0-0 Nb4 9. Bb1 Be7 10. e4 dxc4 11. Ne5 b6 12. Nxc4 Ba6 13. b3 c5 14. Be3 cxd4 15. Bxd4 Bxc4 16. bxc4 Bc5 17. Bxc5 Qxd1 18. Rxd1 bxc5 19. e5 Nd7 20. Nb5 Ke7 21. f4 Nb6 22. Nd6 Rad8 23. Be4 g6 24. Kf2 Rd7 25. Ke2 Rhd8 26. g4 f6 27. Rd2 fxe5 28. fxe5 Nc8 29. Rad1 Nxd6 30. exd6+ Rxd6 31. Rxd6 Rxd6 32. Rxd6 Kxd6 33. h4 Ke5 34. Ke3 Na6 35. h5 gxh5 36. gxh5 h6 37. Bc6 Nb4 38. Be4 Na2 39. Bc6 Nc1 40. Be4 Nb3 41. Bc6 Nd4 42. Bd7 Nf5+ 43. Kf3 Nd6 44. Bb5 Ne4 45. Kg4 Nf6+ 46. Kh4 Kf4 47. Bc6 e5 0-1

[Event "Collado Villalba op-A 26th"]
[Site "Collado Villalba"]
[Date "2009.08.28"]
[Round "8"]
[White "Davicce Canada, Juan Antonio"]
[Black "Bote Alvarez Carrasco, Valentin"]
[Result "1/2-1/2"]
[WhiteElo "2064"]
[BlackElo "2190"]
[PlyCount "105"]
[EventDate "2009.08.21"]
[EventType "swiss"]
[EventRounds "9"]
[EventCountry "ESP"]
[SourceTitle "CBM 132 Extra"]
[Source "ChessBase"]
[SourceDate "2009.11.03"]
[SourceVersion "1"]
[SourceVersionDate "2009.11.03"]
[SourceQuality "1"]

1. d4 d5 2. c4 e6 3. Nc3 Be7 4. Nf3 Nf6 5. Qc2 Na6 6. a3 c5 7. cxd5 cxd4 8. Nxd4 Nxd5 9. e3 Nac7 10. Bd3 h6 11. 0-0 Bf6 12. Nce2 e5 13. Nf5 g6 14. Nfg3 Kf8 15. Rd1 Qe7 16. Bd2 Kg7 17. Ne4 Bf5 18. N2g3 Bxe4 19. Nxe4 Rhd8 20. Rac1 Rac8 21. Qb3 Nb6 22. Nxf6 Qxf6 23. Be4 Ne6 24. Rxc8 Rxc8 25. Bc3 Nc5 26. Qc2 Nba4 27. Bxb7 Nxc3 28. Bxc8 Nxd1 29. Qxd1 Ne4 30. Qc2 Qd6 31. Bg4 Nf6 32. Be2 a5 33. h3 Nd5 34. Qd2 Qc5 35. Bf3 Nb6 36. Qc3 Qxc3 37. bxc3 Nd7 38. Kf1 Nc5 39. Bd5 f6 40. h4 g5 41. hxg5 hxg5 42. f3 Kf8 43. e4 Ke7 44. g3 Kd6 45. c4 Nd3 46. Ke2 Nc5 47. Ke3 Nd7 48. f4 gxf4+ 49. gxf4 Nc5 50. Kf3 Nd3 51. fxe5+ Kxe5 52. Ke3 Nc5 53. Bc6 1/2-1/2

[Event "Collado Villalba op-A 26th"]
[Site "Collado Villalba"]
[Date "2009.08.25"]
[Round "5"]
[White "Bote Alvarez Carrasco, Valentin"]
[Black "Rodriguez de Robles, Ignacio"]
[Result "1-0"]
[WhiteElo "2190"]
[BlackElo "1993"]
[PlyCount "83"]
[EventDate "2009.08.21"]
[EventType "swiss"]
[EventRounds "9"]
[EventCountry "ESP"]
[SourceTitle "CBM 132 Extra"]
[Source "ChessBase"]
[SourceDate "2009.11.03"]
[SourceVersion "1"]
[SourceVersionDate "2009.11.03"]
[SourceQuality "1"]

1. Nf3 Nf6 2. c4 g6 3. Nc3 Bg7 4. e4 d6 5. d4 0-0 6. Be2 e5 7. dxe5 dxe5 8. Qxd8 Rxd8 9. Bg5 c6 10. Nxe5 Re8 11. 0-0-0 Nxe4 12. Nxe4 Bxe5 13. Nd6 Bxd6 14. Rxd6 Nd7 15. Be3 Nb6 16. Rhd1 Be6 17. b3 f6 18. a4 Kf7 19. Bf3 Nc8 20. R6d2 Ne7 21. g4 Rac8 22. a5 a6 23. Kb2 g5 24. Kc3 Ng6 25. h3 Ne5 26. Be2 c5 27. f4 gxf4 28. Bxf4 Nc6 29. g5 Red8 30. Bh5+ Kg7 31. gxf6+ Kxf6 32. Bd6 Nd4 33. Bf4 Bxh3 34. Rf2 Nb5+ 35. cxb5 Rxd1 36. Bxd1 axb5 37. Rd2 b4+ 38. Kc4 Be6+ 39. Kb5 Kf5 40. Be3 Bf7 41. Bxc5 Be8+ 42. Kxb4 1-0

[Event "Collado Villalba op-A 26th"]
[Site "Collado Villalba"]
[Date "2009.08.23"]
[Round "3"]
[White "Bote Alvarez Carrasco, Valentin"]
[Black "Ubilava, Elizbar"]
[Result "1/2-1/2"]
[WhiteElo "2190"]
[BlackElo "2547"]
[PlyCount "76"]
[EventDate "2009.08.21"]
[EventType "swiss"]
[EventRounds "9"]
[EventCountry "ESP"]
[SourceTitle "CBM 132 Extra"]
[Source "ChessBase"]
[SourceDate "2009.11.03"]
[SourceVersion "1"]
[SourceVersionDate "2009.11.03"]
[SourceQuality "1"]

1. Nf3 d6 2. c4 g6 3. Nc3 Bg7 4. d4 Bg4 5. e3 c5 6. Be2 Nc6 7. 0-0 cxd4 8. Nxd4 Bxe2 9. Ndxe2 Nf6 10. b3 d5 11. cxd5 Nxd5 12. Qxd5 Qxd5 13. Nxd5 Bxa1 14. Nc7+ Kd7 15. Nxa8 Rxa8 16. Rd1+ Ke8 17. e4 Rd8 18. Rxd8+ Kxd8 19. Bd2 Kd7 20. f3 Kd6 21. Kf2 Kc5 22. Ke3 Nb4 23. a4 Be5 24. f4 Bb2 25. g4 e5 26. f5 a6 27. Nc1 Nc2+ 28. Kd3 Nd4 29. b4+ Kc6 30. h3 Nf3 31. Be3 Ne1+ 32. Ke2 Nc2 33. Nd3 Bc3 34. Bd2 Bd4 35. Bc1 Bc3 36. Bd2 Ba1 37. Bc1 Nd4+ 38. Ke3 Kd6 1/2-1/2

[Event "Collado Villalba op-A 20th"]
[Site "Collado Villalba"]
[Date "2003.08.24"]
[Round "3"]
[White "Andres Gonzalez, Alberto"]
[Black "Bote Alvarez Carrasco, Valentin"]
[Result "1-0"]
[WhiteElo "2410"]
[BlackElo "2155"]
[PlyCount "49"]
[EventDate "2003.08.22"]
[EventType "swiss"]
[EventRounds "9"]
[EventCountry "ESP"]
[SourceTitle "EXT 2004"]
[Source "ChessBase"]
[SourceDate "2003.11.25"]
[SourceVersion "1"]
[SourceVersionDate "2003.11.25"]
[SourceQuality "1"]

1. d4 Nf6 2. Bg5 e6 3. Nd2 d5 4. e3 Nbd7 5. f4 Be7 6. Bd3 c5 7. c3 b6 8. Ngf3 a5 9. Qe2 Qc7 10. 0-0 Qa7 11. Ne5 Ba6 12. Nxd7 Nxd7 13. Bxe7 Bxd3 14. Qxd3 Kxe7 15. e4 Qa6 16. Qg3 cxd4 17. exd5 dxc3 18. bxc3 g6 19. dxe6 fxe6 20. f5 gxf5 21. Ne4 Kd8 22. Rad1 Re8 23. Rxd7+ Kxd7 24. Qd6+ Kc8 25. Qc6+ 1-0